Lecciones sobre la Retorica y las Bellas Artes (Record no. 5053)

MARC details
000 -LEADER
campo de control de longitud fija 00862npm a2200241 i 4500
001 - NÚMERO DE CONTROL
campo de control 5053
003 - IDENTIFICADOR DE NÚMERO DE CONTROL
campo de control ES-MaACL
005 - FECHA Y HORA DE LA ÚLTIMA TRANSACCIÓN
campo de control 20250629063117.0
007 - CAMPO FIJO DE DESCRIPCIÓN FÍSICA--INFORMACIÓN GENERAL
campo de control de longitud fija hzrazu bucu
008 - DATOS DE LONGITUD FIJA--INFORMACIÓN GENERAL
campo de control de longitud fija 890404r19891816sp a 00010 spa d
080 ## - NÚMERO DE LA CLASIFICACIÓN DECIMAL UNIVERSAL
Número de la Clasificación Decimal Universal 8.08
080 ## - NÚMERO DE LA CLASIFICACIÓN DECIMAL UNIVERSAL
Número de la Clasificación Decimal Universal 7.01
100 1# - ENTRADA PRINCIPAL--NOMBRE DE PERSONA
Nombre de persona Blair, Hugh,
Fechas asociadas al nombre 1718-1800
9 (RLIN) 147920
245 10 - MENCIÓN DEL TÍTULO
Título Lecciones sobre la Retorica y las Bellas Artes
Resto del título : [Microforma].
260 ## - PUBLICACIÓN, DISTRIBUCIÓN, ETC.
Lugar de publicación, distribución, etc. Madrid :
Nombre del editor, distribuidor, etc. Ateneo Cientifico, Literario y Artistico,
Fecha de publicación, distribución, etc. 1989.
300 ## - DESCRIPCIÓN FÍSICA
Extensión 4 microfichas :
Otras características físicas negativo, il.
500 ## - NOTA GENERAL
Nota general Publicado originalmente: Madrid, Ibarra, 1816-1817, (3a ed.) en 4 v.
505 8# - NOTA DE CONTENIDO CON FORMATO
Nota de contenido con formato Microficha n. 1: Tomo I -- Microficha n. 2: Tomo II -- Microficha n. 3: Tomo III -- Microficha n. 4: Tomo IV
650 14 - PUNTO DE ACCESO ADICIONAL DE MATERIA--TÉRMINO DE MATERIA
Término de materia o nombre geográfico como elemento de entrada Obras de 1800.
9 (RLIN) 15662
852 ## - LOCALIZACIÓN
Ubicación ES-MaACL
Número de control de estantería MCF-2
itemnumber 5170
Ubicación en estantería Depósito 1
942 ## - ELEMENTOS DE ENTRADA SECUNDARIOS (KOHA)
Fuente del sistema de clasificación o colocación Clasificación decimal universal
Tipo de ítem Koha Microforma
Holdings
Estatus retirado Estado de pérdida Fuente del sistema de clasificación o colocación Estado de daño No para préstamo Colección Biblioteca de origen Biblioteca actual Ubicación en estantería Fecha de adquisición Total de préstamos Signatura topográfica completa Código de barras Visto por última vez Precio de reemplazo Tipo de ítem Koha
    Clasificación decimal universal     Libros del s. XIX Biblioteca del Ateneo de Madrid Biblioteca del Ateneo de Madrid Depósito 1 17/01/2008   MCF-2 1005116 23/02/2023 23/02/2023 Microforma